000 00735nam a22002532 4500
999 _c3754
_d3754
003 UkOxU
005 20220208074118.0
008 861217s1978 enka 000 0 eng d
020 _a0721616747
040 _cEQG
050 _aRG524 1979
_b.B45
096 _aWQ 200 BEI
100 1 _aBeischer, Norman A.
245 1 0 _aObstetrics and the newborn /
_cNorman A. Beischer, Eric V. Mackay.
250 _aBritish edition
260 _aSydney ; London :
_bW. B. Saunders,
_c1978.
300 _a532 p. :
_bill.
_c27 cm.
500 _aOriginal edition published in 1976.
650 2 _aInfant, Newborn
650 2 _aObstetrics
700 1 _aMackay, Eric V.
942 _2lcc
_cBK